Event Marketing and Management (Record no. 604)

MARC details
000 -LEADER
Fixed length control field 00482nam a2200169 4500
003 - CONTROL NUMBER IDENTIFIER
Control field SEACOMMC
005 - DATE AND TIME OF LATEST TRANSACTION
Control field 20250419134209.0
008 - FIXED-LENGTH DATA ELEMENTS--GENERAL INFORMATION
Fixed length control field 240926b |||||||| |||| 00| 0 eng d
020 ## - INTERNATIONAL STANDARD BOOK NUMBER / ISBN
International Standard Book Number 978-81-2591-449-5
Price Rs.240.00
040 ## - CATALOGING SOURCE
Original cataloging agency SEACOMMC
082 ## - DEWEY DECIMAL CLASSIFICATION NUMBER
Classification number 658.8
Book Number G 713
100 ## - MAIN ENTRY--PERSONAL NAME
Personal name Gaur, Sanjay Singh
245 1# - TITLE STATEMENT
Title Event Marketing and Management
Statement of responsibility Sanjay Singh Gaur and Sanjay V Saggere
260 ## - IMPRINT
Place of publication New Delhi
Name of publisher Vikas Publishing House
Date of publication 2003
650 ## - SUBJECT ADDED ENTRY--TOPICAL TERM
Topical term Management
942 ## - ADDED ENTRY ELEMENTS (KOHA)
Koha item type Books
Holdings
Withdrawn status Lost status Source of classification Damaged status Not for loan Home library Current library Date acquired Total Checkouts Call number Accession number Date last seen Price effective from Koha item type
    Dewey Decimal Classification     SEACOM MANAGEMENT COLLEGE SEACOM MANAGEMENT COLLEGE 04/10/2007   658.8 G 713 M-367 26/09/2024 26/09/2024 Books
© Seacom Engineering College, All rights reserved.    Powered by Koha